How many Earclacks balls can you name? - Statistics

General Stats
  • This quiz has been taken 3 times
  • The average score is 33 of 51
Answer Stats
Hint Weapon Ball % Correct
The last thing standing when standing is all that's left Boots
100%
Tension is my gift, but release is my purpose Bow
100%
Too proud to be a needle, too honest to be poison Dagger
100%
The infection thrown across the room Flask
100%
The stick that lays fields to rest Scythe
100%
A wall you can carry Shield
100%
The star that falls sideways Shuriken
100%
The stick that learned to bite Spear
100%
Half a scissor with twice the ambition Sword
100%
The weapons you were born holding Unarmed
100%
The grip that teaches metal to listen Wrench
100%
Loyalty carved into a curve Boomerang
67%
I take a crumb, then a slice, then the whole pizzaria Centy
67%
Patience with a trigger Crossbow
67%
I ask the forest one question, the answer is always timber Axe
67%
Patience spinning at a thousand rotations per minute Drilly
67%
The echo that throws punches Duplicator
67%
Duplishot
67%
Fibonacci
67%
The argument your arm starts but can't finish alone Flail
67%
Golden Ratio
67%
Gravitron
67%
The library that fits in your hands and burns in your mind Grimoire
67%
Why win fights when you can make them smaller Grower
67%
The only word that nails can understand Hammer
67%
Infinity
67%
The brushstroke that paints in red Katana
67%
I arrive before the horse that carries me Lance
67%
Light that forgot how to be gentle Lazer
67%
Multiplier
67%
Multishot
67%
Orbital
67%
The needle that learned to argue Rapier
67%
I pour you into me, one touch at a time Scepter
67%
The voice that waits to be unrolled Scroll
67%
Slammy
67%
I arrive before my invitation Speedy
67%
The loudest way to say goodbye Splodey
67%
The tree that walks Staff
67%
Sticky
67%
I die so you can see where you're going Torch
67%
Bouncer
33%
Fireball
33%
Iniqo
33%
Rapidfire
33%
Smasher
33%
Timer
33%
BIO
0%
Dumbass Myx
0%
Plushie
0%
Zombie
0%
No matching quizzes found
Score Distribution
Percent of People with Each Score
Percentile by Number Answered
Your Score History
You have not taken this quiz